00470 2200181 4500001002100000005001500021008004100036020002200077035001900099041000700118082001000125090001600135100002100151245002600172260003400198300003400232650002200266INLIS00000000000213620241224112500241224||||||||| | ||| |||| || |  a978-979-16922-1-2 0010-1224002136 aid0 a611.4 a611.4 KUN h0 aKun Sri Budiasih00aHandbook Ibu Menyusui aBandungbHayati Qualityc2008 aix, 182 hlm. : ilus, ; 20 cm. 0aIlmu Keterampilan